Principal agent theory ako jeden z kľúčových trendov novodobej ekonómie

Teória agenstva je jednou z teórii novej inštitucionálnej ekonómie, ktorá sa zameriava a vysvetľuje konflikt medzi jednotlivými záujmovými skupinami podniku. Najčastejšie vzniká konflikt záujmov medzi vlastníkmi a manažérmi podnikov alebo medzi vlastníkmi a majiteľmi dlhových cenných papierov. Dva...

Descripción completa

Guardado en:
Detalles Bibliográficos
Autor principal: Lukáč, Jakub, 1992-
Formato: Capítulo de libro
Lenguaje:eslovaco
Materias:
Etiquetas: Agregar Etiqueta
Sin Etiquetas, Sea el primero en etiquetar este registro!

MARC

LEADER 00000nla a2200000 4500
001 0213337
005 20240502073544.2
041 0 |a slo 
044 |a SK 
245 1 0 |a Principal agent theory ako jeden z kľúčových trendov novodobej ekonómie  |c Jakub Lukáč 
520 |a Teória agenstva je jednou z teórii novej inštitucionálnej ekonómie, ktorá sa zameriava a vysvetľuje konflikt medzi jednotlivými záujmovými skupinami podniku. Najčastejšie vzniká konflikt záujmov medzi vlastníkmi a manažérmi podnikov alebo medzi vlastníkmi a majiteľmi dlhových cenných papierov. Dva pohľady na maximalizáciu trhovej hodnoty podniku pre vlastníka. Záujmy účastníkov konfliktu - akcionári, manažment. Náklady na agentstvo, etika. 
610 2 0 |a ekonómia inštitucionálna 
610 2 0 |a teórie ekonomické 
610 2 0 |a hodnota podniku 
610 2 0 |a vlastníci 
610 2 0 |a manažment 
100 1 |a Lukáč, Jakub, 1992-